[Event "Madrid ch Final 2019"]
[Site "Madrid ESP"]
[Date "2019.05.30"]
[Round "6.4"]
[White "Rios Rebollo, Victor"]
[Black "Martin Duque, Jesus"]
[Result "0-1"]
[WhiteElo "2007"]
[BlackElo "2372"]
[PlyCount "176"]
[EventDate "2019.05.25"]
[EventType "swiss"]
[EventRounds "7"]
[EventCountry "ESP"]
[SourceTitle "Ajedrez en Madrid"]
[Source "lmi"]
[SourceDate "2019.05.25"]
[SourceVersion "1"]
[SourceVersionDate "2019.06.03"]
[SourceQuality "1"]

1. d4 d6 2. c4 e5 3. d5 f5 4. Nc3 Nf6 5. f3 g6 6. Nh3 Bg7 7. Nf2 O-O 8. Qc2 a5
9. e4 Na6 10. Be3 c6 11. Bd3 Nb4 12. Qe2 Nxd3+ 13. Qxd3 f4 14. Bd2 Nd7 15. Na4
Qc7 16. Rc1 c5 17. Nd1 Nf6 18. Ndc3 Qd8 19. Nb5 Ne8 20. Kd1 Bd7 21. b3 Bf6 22.
Nac3 Kg7 23. a4 b6 24. Kc2 Be7 25. Kb2 Nf6 26. Rcg1 Nh5 27. Be1 Rf7 28. Qe2 Qb8
29. Ka2 Qb7 30. Ka3 Rg8 31. Bf2 Kf8 32. Be1 Ke8 33. Bh4 Qb8 34. Bxe7 Kxe7 35.
Qf2 Kd8 36. Qh4+ Kc8 37. Qg5 Kb7 38. Kb2 Qf8 39. Ka3 h6 40. Qh4 Nf6 41. Qf2 g5
42. Kb2 Rg6 43. Kc2 Rfg7 44. Kd3 Ne8 45. Qe1 Qg8 46. Ne2 g4 47. Nbc3 Nf6 48.
Qf1 Nh7 49. Qe1 Ng5 50. Rf1 Nf7 51. Rfg1 Qd8 52. Nb5 Qg5 53. Nbc3 Qh5 54. Qf2
gxf3 55. gxf3 Ng5 56. Qf1 Nxf3 57. Rxg6 Rxg6 58. Nb5 Bxb5 59. axb5 Nxh2 60. Qf2
Qf3+ 61. Qxf3 Nxf3 62. Rh5 Ng5 63. Ng1 Kc7 64. Ne2 Kd7 65. Nc3 Rf6 66. Ke2 f3+
67. Kf1 Ke7 68. Rh4 Kd7 69. Na4 Kc7 70. Nc3 f2 71. Rh2 Nf3 72. Rxf2 Nd2+ 73.
Ke2 Rxf2+ 74. Kxf2 Nxb3 75. Kg3 Nd2 76. Kh4 Nxc4 77. Kh5 Nb2 78. Kxh6 a4 79.
Kh5 a3 80. Kg4 Na4 81. Na2 Kd7 82. Kf3 Ke7 83. Ke3 c4 84. Kd2 Kf6 85. Nb4 Kg5
86. Kc1 Kf4 87. Kb1 Nc3+ 88. Kc2 Nxb5 0-1

[Event "Madrid ch Final 2019"]
[Site "Madrid ESP"]
[Date "2019.05.30"]
[Round "6.5"]
[White "Perez Gonzalez, Jose Manuel"]
[Black "Yañez Rodriguez, Wilbert"]
[Result "1-0"]
[WhiteElo "2228"]
[BlackElo "2217"]
[PlyCount "51"]
[EventDate "2019.05.25"]
[EventType "swiss"]
[EventRounds "7"]
[EventCountry "ESP"]
[SourceTitle "Ajedrez en Madrid"]
[Source "lmi"]
[SourceDate "2019.05.25"]
[SourceVersion "1"]
[SourceVersionDate "2019.06.03"]
[SourceQuality "1"]

1. e4 c5 2. Nf3 g6 3. d4 cxd4 4. Nxd4 Bg7 5. Nc3 Nc6 6. Be3 Nf6 7. Bc4 O-O 8.
Bb3 a5 9. f3 d6 10. Qd2 Bd7 11. a4 Rc8 12. h4 h5 13. O-O-O Ne5 14. Bh6 Nc4 15.
Bxc4 Rxc4 16. Bxg7 Kxg7 17. b3 Rc5 18. Rhe1 Re8 19. f4 Qb8 20. Re3 Bg4 21. Rde1
e5 22. Ndb5 exf4 23. Rd3 Re6 24. Nxd6 Rxd6 25. Rxd6 Rxc3 26. e5 1-0

[Event "Madrid ch Final 2019"]
[Site "Madrid ESP"]
[Date "2019.05.30"]
[Round "6.6"]
[White "Cabañas Bravo, Juan Andres"]
[Black "Mkrtchyan, Levon"]
[Result "1/2-1/2"]
[WhiteElo "2010"]
[BlackElo "2168"]
[PlyCount "41"]
[EventDate "2019.05.25"]
[EventType "swiss"]
[EventRounds "7"]
[EventCountry "ESP"]
[SourceTitle "Ajedrez en Madrid"]
[Source "lmi"]
[SourceDate "2019.05.25"]
[SourceVersion "1"]
[SourceVersionDate "2019.06.03"]
[SourceQuality "1"]

1. e4 e6 2. d4 d5 3. Nc3 Bb4 4. Bd2 dxe4 5. Qg4 Nf6 6. Qxg7 Rg8 7. Qh6 b6 8.
O-O-O Bb7 9. Bb5+ c6 10. Bf1 Nbd7 11. h3 Qe7 12. Nge2 O-O-O 13. Ng3 c5 14. a3
cxd4 15. axb4 e3 16. Bxe3 dxe3 17. Qxe3 Qxb4 18. Nb5 Nd5 19. Qd4 Qxd4 20. Rxd4
Kb8 21. Nd6 1/2-1/2

[Event "Madrid ch Final 2019"]
[Site "Madrid ESP"]
[Date "2019.05.30"]
[Round "6.7"]
[White "Pastor Alonso De Prado, Alberto"]
[Black "Pindado Campos, Raul"]
[Result "1/2-1/2"]
[WhiteElo "2094"]
[BlackElo "2089"]
[PlyCount "52"]
[EventDate "2019.05.25"]
[EventType "swiss"]
[EventRounds "7"]
[EventCountry "ESP"]
[SourceTitle "Ajedrez en Madrid"]
[Source "lmi"]
[SourceDate "2019.05.25"]
[SourceVersion "1"]
[SourceVersionDate "2019.06.03"]
[SourceQuality "1"]

1. e4 c5 2. c3 Nf6 3. e5 Nd5 4. Bc4 Nb6 5. Bb3 d5 6. exd6 Qxd6 7. Na3 Nc6 8.
Nf3 Bf5 9. Nb5 Qb8 10. d4 e6 11. dxc5 Bxc5 12. Nbd4 Nxd4 13. Nxd4 Bg6 14. Ba4+
Nxa4 15. Qxa4+ Kf8 16. Be3 Kg8 17. O-O h6 18. Rfe1 Kh7 19. Nb5 Be7 20. Bf4 Qe8
21. Qb3 Qc6 22. Nd4 Qc8 23. Nf3 Bf5 24. Nd4 Bg6 25. Nf3 Bf5 26. Nd4 Bg6 1/2-1/2

[Event "Madrid ch Final 2019"]
[Site "Madrid ESP"]
[Date "2019.05.30"]
[Round "6.8"]
[White "Gonzalez Rivera, Eduardo"]
[Black "Rojas Pozo, Jose Luis"]
[Result "0-1"]
[WhiteElo "1998"]
[BlackElo "1974"]
[PlyCount "56"]
[EventDate "2019.05.25"]
[EventType "swiss"]
[EventRounds "7"]
[EventCountry "ESP"]
[SourceTitle "Ajedrez en Madrid"]
[Source "lmi"]
[SourceDate "2019.05.25"]
[SourceVersion "1"]
[SourceVersionDate "2019.06.03"]
[SourceQuality "1"]

1. e4 e5 2. Nf3 Nc6 3. Bb5 a6 4. Bxc6 dxc6 5. O-O Bg4 6. d3 Qf6 7. Nbd2 Ne7 8.
h3 h5 9. Re1 Ng6 10. hxg4 hxg4 11. Nh2 Rxh2 12. Kxh2 Qxf2 13. Nb3 Be7 14. Be3
Qh4+ 15. Kg1 O-O-O 16. Bf2 g3 17. Bxg3 Qxg3 18. Qf3 Qxf3 19. gxf3 Nf4 20. Red1
Rh8 21. d4 Rh3 22. dxe5 Bh4 23. Nd4 Rg3+ 24. Kh1 Rh3+ 25. Kg1 Rg3+ 26. Kf2 Rg2+
27. Ke3 c5 28. Kxf4 Bg5+ 0-1

[Event "Madrid ch Final 2019"]
[Site "Madrid ESP"]
[Date "2019.05.30"]
[Round "6.9"]
[White "Bello Burguet, Glenier Lazaro"]
[Black "Rodriguez Melendez, Juan Humbert"]
[Result "0-1"]
[WhiteElo "1961"]
[BlackElo "2212"]
[PlyCount "62"]
[EventDate "2019.05.25"]
[EventType "swiss"]
[EventRounds "7"]
[EventCountry "ESP"]
[SourceTitle "Ajedrez en Madrid"]
[Source "lmi"]
[SourceDate "2019.05.25"]
[SourceVersion "1"]
[SourceVersionDate "2019.06.03"]
[SourceQuality "1"]

1. c4 Nf6 2. Nc3 g6 3. g3 Bg7 4. Bg2 O-O 5. d3 d6 6. Rb1 a5 7. a3 e5 8. Nf3 Nc6
9. O-O Nd4 10. e3 Nxf3+ 11. Bxf3 h5 12. Bg2 h4 13. b4 hxg3 14. hxg3 axb4 15.
axb4 Bg4 16. Qb3 Qc8 17. Bd2 Bh3 18. Ra1 Bxg2 19. Kxg2 Rxa1 20. Rxa1 e4 21. d4
c6 22. Ra7 Qf5 23. Qd1 d5 24. cxd5 cxd5 25. Rxb7 Rc8 26. Na4 Ng4 27. Be1 Qh5
28. Qd2 Qh2+ 29. Kf1 Qh1+ 30. Ke2 Qf3+ 31. Kf1 Rc2 0-1

[Event "Madrid ch Final 2019"]
[Site "Madrid ESP"]
[Date "2019.05.30"]
[Round "6.10"]
[White "Iagar, Razvan-Gabriel"]
[Black "Nieto De La Cruz, Julio"]
[Result "1-0"]
[WhiteElo "2104"]
[BlackElo "2168"]
[PlyCount "89"]
[EventDate "2019.05.25"]
[EventType "swiss"]
[EventRounds "7"]
[EventCountry "ESP"]
[SourceTitle "Ajedrez en Madrid"]
[Source "lmi"]
[SourceDate "2019.05.25"]
[SourceVersion "1"]
[SourceVersionDate "2019.06.03"]
[SourceQuality "1"]

1. d4 Nf6 2. Nf3 c5 3. d5 b5 4. c4 Bb7 5. Nfd2 bxc4 6. e4 e6 7. dxe6 dxe6 8.
Nc3 Be7 9. Bxc4 O-O 10. O-O Nc6 11. Re1 Ne5 12. Bf1 Qd4 13. Nb3 Qxd1 14. Rxd1
a5 15. Be3 Rfc8 16. f3 c4 17. Nd4 Ba6 18. Rac1 Rab8 19. Rc2 Nd3 20. Bxd3 cxd3
21. Rf2 Nd7 22. Nb3 Bb4 23. Rc1 Bc4 24. Nd2 Ba6 25. Nb3 Nb6 26. Nd2 Rb7 27.
Rff1 Bxc3 28. bxc3 Na4 29. c4 Rb2 30. Rfd1 Rxa2 31. Nb3 Nb2 32. Rd2 Rxc4 33.
Rxc4 Bxc4 34. Nc1 Ra1 35. Rxb2 h5 36. Kf2 a4 37. Rb4 Ba6 38. Bd2 Kh7 39. Ke3
Kg6 40. Kd4 f6 41. Kc3 a3 42. Ra4 Bb5 43. Ra5 Bc6 44. Kxd3 h4 45. Kc2 1-0

[Event "Madrid ch Final 2019"]
[Site "Madrid ESP"]
[Date "2019.05.30"]
[Round "6.11"]
[White "Garcia Sanz, Eduardo"]
[Black "De La Puerta Cresis, Javier"]
[Result "1-0"]
[WhiteElo "1820"]
[BlackElo "2116"]
[PlyCount "79"]
[EventDate "2019.05.25"]
[EventType "swiss"]
[EventRounds "7"]
[EventCountry "ESP"]
[SourceTitle "Ajedrez en Madrid"]
[Source "lmi"]
[SourceDate "2019.05.25"]
[SourceVersion "1"]
[SourceVersionDate "2019.06.03"]
[SourceQuality "1"]

1. e4 c5 2. Nf3 d6 3. d4 cxd4 4. Nxd4 Nf6 5. Nc3 a6 6. Be2 e6 7. O-O Be7 8. Be3
Qc7 9. f4 b5 10. Bf3 Bb7 11. e5 dxe5 12. Bxb7 Qxb7 13. fxe5 Nd5 14. Qf3 O-O 15.
Nxd5 Qxd5 16. Qxd5 exd5 17. Nf5 Nc6 18. Rad1 Rad8 19. Rf3 Bb4 20. Rg3 Nxe5 21.
Bh6 Ng6 22. Bxg7 Rfe8 23. Bf6 Bc5+ 24. Kf1 Rd7 25. Nh6+ Kf8 26. h4 Re6 27. Bg5
f6 28. Rf3 Ke7 29. Ng8+ Kd6 30. Nxf6 Rf7 31. Ne8+ Rxe8 32. Rxf7 Kc6 33. Rf6+
Bd6 34. Re1 Rf8 35. Ree6 Rxf6+ 36. Rxf6 Kc5 37. Be3+ Kc6 38. h5 Ne5 39. Bf4 Kd7
40. Bxe5 1-0

[Event "Madrid ch Final 2019"]
[Site "Madrid ESP"]
[Date "2019.05.30"]
[Round "6.12"]
[White "Robles Diaz, Jose Alberto"]
[Black "Perez Diez, Victor"]
[Result "1-0"]
[WhiteElo "2044"]
[BlackElo "2018"]
[PlyCount "91"]
[EventDate "2019.05.25"]
[EventType "swiss"]
[EventRounds "7"]
[EventCountry "ESP"]
[SourceTitle "Ajedrez en Madrid"]
[Source "lmi"]
[SourceDate "2019.05.25"]
[SourceVersion "1"]
[SourceVersionDate "2019.06.03"]
[SourceQuality "1"]

1. d4 f5 2. c4 Nf6 3. g3 d6 4. Nc3 g6 5. Bg2 Bg7 6. Nh3 c6 7. O-O O-O 8. b3 e5
9. dxe5 dxe5 10. Ba3 Re8 11. Qxd8 Rxd8 12. Rad1 Re8 13. e4 h6 14. f3 Nbd7 15.
Nf2 Nf8 16. Rd2 Ne6 17. Rfd1 f4 18. Ne2 fxg3 19. hxg3 Nh5 20. Bb2 Ng5 21. Nd3
Nf7 22. Kh2 a5 23. a4 b6 24. Bh3 Ng5 25. Bg2 Nf7 26. Nf2 Be6 27. Bh3 Bxh3 28.
Kxh3 Red8 29. Rxd8+ Rxd8 30. Rxd8+ Nxd8 31. Nd3 Ne6 32. Bxe5 Bf8 33. Nd4 Nc5
34. Nxc5 Bxc5 35. Nxc6 Ng7 36. Bd4 Ne6 37. Bxc5 Nxc5 38. Nd4 Kf7 39. e5 g5 40.
f4 h5 41. fxg5 Kg6 42. e6 Ne4 43. Kh4 Nf2 44. e7 Kf7 45. Nf5 Ne4 46. Kxh5 1-0

[Event "Madrid ch Final 2019"]
[Site "Madrid ESP"]
[Date "2019.05.30"]
[Round "6.13"]
[White "Estevez Sacristan, Deva"]
[Black "Lorenzo Bailador, Alfredo"]
[Result "0-1"]
[WhiteElo "1999"]
[BlackElo "2003"]
[PlyCount "92"]
[EventDate "2019.05.25"]
[EventType "swiss"]
[EventRounds "7"]
[EventCountry "ESP"]
[SourceTitle "Ajedrez en Madrid"]
[Source "lmi"]
[SourceDate "2019.05.25"]
[SourceVersion "1"]
[SourceVersionDate "2019.06.03"]
[SourceQuality "1"]

1. e4 e5 2. Nf3 Nc6 3. Bb5 a6 4. Ba4 Nf6 5. d4 exd4 6. e5 Ne4 7. O-O Be7 8. Re1
Nc5 9. Bxc6 dxc6 10. Nxd4 O-O 11. Nc3 Re8 12. Be3 Ne6 13. Ne4 Nxd4 14. Bxd4 Bf5
15. Qf3 Qxd4 16. Qxf5 Bb4 17. Ng5 Bxe1 18. Rxe1 Qd2 19. Qxh7+ Kf8 20. Nf3 Qh6
21. Qe4 b6 22. Nd4 c5 23. Nf5 Qh7 24. Re3 Rad8 25. h4 g6 26. Ng3 Rd4 27. Qf3
Qxh4 28. c3 Rd2 29. e6 f5 30. Re5 Kg8 31. Qc6 Rd1+ 32. Nf1 Qe7 33. Qf3 Rd6 34.
Qg3 Qg7 35. Qe3 Re7 36. Ng3 Rd1+ 37. Nf1 Qf6 38. Qe2 Rd6 39. f4 Rdxe6 40. Rxe6
Qxe6 41. Qxa6 Qe4 42. g3 Kg7 43. a4 Qe2 44. c4 Qxb2 45. Qb7 Qd4+ 46. Kh2 Qxc4
0-1

[Event "Madrid ch Final 2019"]
[Site "Madrid ESP"]
[Date "2019.05.30"]
[Round "6.14"]
[White "Gueler Berdasco, Martin"]
[Black "Martinez Aragon, Aitor"]
[Result "0-1"]
[WhiteElo "1917"]
[BlackElo "2038"]
[PlyCount "78"]
[EventDate "2019.05.25"]
[EventType "swiss"]
[EventRounds "7"]
[EventCountry "ESP"]
[SourceTitle "Ajedrez en Madrid"]
[Source "lmi"]
[SourceDate "2019.05.25"]
[SourceVersion "1"]
[SourceVersionDate "2019.06.03"]
[SourceQuality "1"]

1. c4 e5 2. g3 f5 3. Bg2 Nc6 4. Nc3 Nf6 5. Nd5 g6 6. e3 Bg7 7. Ne2 Nxd5 8. cxd5
Ne7 9. d3 O-O 10. O-O d6 11. Bd2 c6 12. Nc3 cxd5 13. Nxd5 Be6 14. Nxe7+ Qxe7
15. Qa4 Rfd8 16. Rac1 Qd7 17. Qa5 b6 18. Qa6 d5 19. Rc2 Rac8 20. Rfc1 Rxc2 21.
Rxc2 Bf8 22. d4 e4 23. Bf1 g5 24. a4 Bd6 25. a5 Rb8 26. Bb5 Qe7 27. Bc6 f4 28.
exf4 gxf4 29. Qe2 Qg5 30. a6 e3 31. Be1 exf2+ 32. Bxf2 Bg4 33. Bxd5+ Kh8 34.
Bf3 fxg3 35. Bxg3 Bf5 36. Qg2 Bxg3 37. Rc3 Bxh2+ 38. Kxh2 Qh4+ 39. Kg1 Rg8 0-1

[Event "Madrid ch Final 2019"]
[Site "Madrid ESP"]
[Date "2019.05.31"]
[Round "7.2"]
[White "Martin Duque, Jesus"]
[Black "Moreno Ruiz, Javier"]
[Result "0-1"]
[WhiteElo "2372"]
[BlackElo "2471"]
[PlyCount "120"]
[EventDate "2019.05.25"]
[EventType "swiss"]
[EventRounds "7"]
[EventCountry "ESP"]
[SourceTitle "Ajedrez en Madrid"]
[Source "lmi"]
[SourceDate "2019.05.25"]
[SourceVersion "1"]
[SourceVersionDate "2019.06.03"]
[SourceQuality "1"]

1. e4 e6 2. d4 d5 3. Nc3 Bb4 4. e5 Ne7 5. a3 Bxc3+ 6. bxc3 b6 7. Qg4 Ng6 8. h4
h5 9. Qd1 Qd7 10. Be2 Ba6 11. Bxh5 Qb5 12. Be2 Qc6 13. Bd2 Nxh4 14. Kf1 Bxe2+
15. Qxe2 Qc4 16. Qxc4 dxc4 17. Nf3 Ng6 18. Rxh8+ Nxh8 19. Ke2 Nc6 20. Rh1 Ng6
21. Rh7 Kf8 22. Ng5 Kg8 23. Rh1 Nce7 24. f4 Nd5 25. Kf3 Rc8 26. g4 Nge7 27. Ne4
f6 28. exf6 gxf6 29. Ng3 Kg7 30. Re1 Kf7 31. Rh1 Rg8 32. Rh7+ Kg6 33. Rh5 Rg7
34. g5 Rh7 35. Rxh7 Kxh7 36. Ne4 Kg6 37. Be1 Nf5 38. Bd2 Nd6 39. gxf6 Nxf6 40.
Nxf6 Kxf6 41. Kg4 Nb5 42. a4 Nd6 43. Be1 Nf5 44. Kf3 a5 45. Bf2 Nd6 46. Bh4+
Kf5 47. Bd8 Ne8 48. Ke3 Nf6 49. d5 Nxd5+ 50. Kd4 Kxf4 51. Kxc4 Ke5 52. Kd3 Kd6
53. Bg5 Kc5 54. Bd8 Kd6 55. Bg5 Kd7 56. Kc4 Ne7 57. Kb5 Nf5 58. Kc4 Nd6+ 59.
Kd4 Nb7 60. Kc4 Kc6 0-1

[Event "Madrid ch Final 2019"]
[Site "Madrid ESP"]
[Date "2019.05.31"]
[Round "7.3"]
[White "Almagro Llamas, Pablo"]
[Black "Perez Gonzalez, Jose Manuel"]
[Result "1/2-1/2"]
[WhiteElo "2458"]
[BlackElo "2228"]
[PlyCount "91"]
[EventDate "2019.05.25"]
[EventType "swiss"]
[EventRounds "7"]
[EventCountry "ESP"]
[SourceTitle "Ajedrez en Madrid"]
[Source "lmi"]
[SourceDate "2019.05.25"]
[SourceVersion "1"]
[SourceVersionDate "2019.06.03"]
[SourceQuality "1"]

1. Nf3 c5 2. g3 g6 3. Bg2 Bg7 4. O-O Nc6 5. d3 d6 6. Nbd2 Nf6 7. e4 Rb8 8. a4
a6 9. Nb3 Bg4 10. h3 Bxf3 11. Qxf3 Nd4 12. Nxd4 cxd4 13. Bd2 O-O 14. a5 Rc8 15.
c4 Nd7 16. b4 Rc7 17. Qe2 e6 18. h4 h5 19. Rae1 Ne5 20. Bf4 Qe7 21. Bh3 Kh7 22.
Bd2 Nd7 23. f4 Re8 24. Qf2 Qf8 25. Re2 Qh8 26. Qf3 Bh6 27. Rh2 Nf6 28. Re1 e5
29. Rf1 Ng8 30. Rhf2 Qf6 31. Qe2 exf4 32. Bxf4 Bxf4 33. Rxf4 Qg7 34. Qf2 Nh6
35. Kh2 Qe5 36. Qd2 Kg7 37. Rf6 Ng8 38. R6f3 Nh6 39. Kg2 Rb8 40. Ra1 Ng8 41.
Rf2 Ne7 42. Qf4 Nc6 43. b5 axb5 44. cxb5 Qxb5 45. Qf6+ Kh7 46. Qxd6 1/2-1/2

[Event "Madrid ch Final 2019"]
[Site "Madrid ESP"]
[Date "2019.05.31"]
[Round "7.4"]
[White "Serrano Salvador, Eduardo"]
[Black "Cabañas Bravo, Juan Andres"]
[Result "1-0"]
[WhiteElo "2324"]
[BlackElo "2010"]
[PlyCount "75"]
[EventDate "2019.05.25"]
[EventType "swiss"]
[EventRounds "7"]
[EventCountry "ESP"]
[SourceTitle "Ajedrez en Madrid"]
[Source "lmi"]
[SourceDate "2019.05.25"]
[SourceVersion "1"]
[SourceVersionDate "2019.06.03"]
[SourceQuality "1"]

1. d4 Nf6 2. Nf3 g6 3. c4 Bg7 4. g3 O-O 5. Bg2 d5 6. O-O dxc4 7. Na3 c3 8. bxc3
c5 9. Bb2 Nc6 10. e3 Nd5 11. Qe2 cxd4 12. cxd4 Qa5 13. Rfc1 Nb6 14. Rc5 Qa4 15.
Nb5 Nb4 16. Ne5 Na6 17. Rc3 Bxe5 18. dxe5 Bg4 19. Qf1 Rad8 20. Nd4 Nd5 21. Ra3
Qd7 22. Ra5 Nb6 23. Rc1 Rc8 24. e6 Bxe6 25. Nxe6 fxe6 26. Rd1 Nd5 27. Bh3 Rc5
28. Qe1 Qc6 29. Qd2 Rxa5 30. Qxa5 Nac7 31. Rc1 Qd6 32. e4 Nf4 33. gxf4 Qxf4 34.
Qxc7 Qxf2+ 35. Kh1 Qxb2 36. Bxe6+ Kh8 37. Qc3+ Qxc3 38. Rxc3 1-0

[Event "Madrid ch Final 2019"]
[Site "Madrid ESP"]
[Date "2019.05.31"]
[Round "7.5"]
[White "Elissalt Cardenas, Hector"]
[Black "Mkrtchyan, Levon"]
[Result "1/2-1/2"]
[WhiteElo "2287"]
[BlackElo "2168"]
[PlyCount "61"]
[EventDate "2019.05.25"]
[EventType "swiss"]
[EventRounds "7"]
[EventCountry "ESP"]
[SourceTitle "Ajedrez en Madrid"]
[Source "lmi"]
[SourceDate "2019.05.25"]
[SourceVersion "1"]
[SourceVersionDate "2019.06.03"]
[SourceQuality "1"]

1. c4 Nf6 2. Nc3 c5 3. g3 Nc6 4. Bg2 g6 5. a3 Bg7 6. Rb1 a5 7. e3 O-O 8. Nge2
d6 9. d4 cxd4 10. exd4 Bf5 11. Ra1 Qd7 12. O-O Bh3 13. Bg5 Bxg2 14. Kxg2 e6 15.
d5 Ne7 16. dxe6 fxe6 17. Qd3 d5 18. Rad1 Rad8 19. Nf4 Qc6 20. Bxf6 Bxf6 21.
cxd5 Nxd5 22. Ncxd5 exd5 23. Nxd5 Bxb2 24. Kg1 Kh8 25. Qd2 Bxa3 26. Qd4+ Kg8
27. Nf6+ Kf7 28. Nd7 Kg8 29. Nf6+ Kf7 30. Nd7 Kg8 31. Nf6+ 1/2-1/2

[Event "Madrid ch Final 2019"]
[Site "Madrid ESP"]
[Date "2019.05.31"]
[Round "7.6"]
[White "Rojas Pozo, Jose Luis"]
[Black "Rios Rebollo, Victor"]
[Result "1-0"]
[WhiteElo "1974"]
[BlackElo "2007"]
[PlyCount "61"]
[EventDate "2019.05.25"]
[EventType "swiss"]
[EventRounds "7"]
[EventCountry "ESP"]
[SourceTitle "Ajedrez en Madrid"]
[Source "lmi"]
[SourceDate "2019.05.25"]
[SourceVersion "1"]
[SourceVersionDate "2019.06.03"]
[SourceQuality "1"]

1. d4 e6 2. c4 Nf6 3. Nf3 d5 4. Nc3 Be7 5. Bf4 c6 6. e3 O-O 7. c5 b6 8. b4 a5
9. a3 Nbd7 10. h3 Ba6 11. Bxa6 Rxa6 12. b5 cxb5 13. c6 b4 14. Nb5 Nc5 15. dxc5
bxc5 16. axb4 Qb6 17. Qa4 cxb4 18. Rc1 Rc8 19. Nfd4 Ne4 20. O-O Nd2 21. Bd6 Qd8
22. c7 Qd7 23. Bxe7 Nxf1 24. Qc2 Nxe3 25. fxe3 Qxe7 26. Nc6 Qd7 27. Qc5 Rxc6
28. Qxc6 Qxc6 29. Rxc6 b3 30. Nd6 b2 31. Rb6 1-0

[Event "Madrid ch Final 2019"]
[Site "Madrid ESP"]
[Date "2019.05.31"]
[Round "7.7"]
[White "Rodriguez Melendez, Juan Humbert"]
[Black "Pastor Alonso De Prado, Alberto"]
[Result "1-0"]
[WhiteElo "2212"]
[BlackElo "2094"]
[PlyCount "59"]
[EventDate "2019.05.25"]
[EventType "swiss"]
[EventRounds "7"]
[EventCountry "ESP"]
[SourceTitle "Ajedrez en Madrid"]
[Source "lmi"]
[SourceDate "2019.05.25"]
[SourceVersion "1"]
[SourceVersionDate "2019.06.03"]
[SourceQuality "1"]

1. d4 e6 2. c4 d5 3. g3 Nf6 4. Nf3 Be7 5. Bg2 O-O 6. O-O b6 7. cxd5 exd5 8. Qc2
Bb7 9. Nc3 Na6 10. a3 h6 11. Rd1 c5 12. Bf4 Qc8 13. Rac1 Rd8 14. Qb1 Qe6 15.
Nb5 Ne4 16. Re1 Bc6 17. Nc3 Rac8 18. Ne5 Nxc3 19. bxc3 Bb7 20. Bf3 f5 21. Bh5
Rf8 22. Ng6 Rf6 23. Nxe7+ Qxe7 24. Be5 Rff8 25. Bf3 cxd4 26. cxd4 Rxc1 27. Qxc1
Nc5 28. dxc5 Qxe5 29. c6 Rc8 30. cxb7 1-0

[Event "Madrid ch Final 2019"]
[Site "Madrid ESP"]
[Date "2019.05.31"]
[Round "7.8"]
[White "Pindado Campos, Raul"]
[Black "Garcia Sanz, Eduardo"]
[Result "1-0"]
[WhiteElo "2089"]
[BlackElo "1820"]
[PlyCount "51"]
[EventDate "2019.05.25"]
[EventType "swiss"]
[EventRounds "7"]
[EventCountry "ESP"]
[SourceTitle "Ajedrez en Madrid"]
[Source "lmi"]
[SourceDate "2019.05.25"]
[SourceVersion "1"]
[SourceVersionDate "2019.06.03"]
[SourceQuality "1"]

1. d4 d5 2. Nf3 e6 3. c4 Nf6 4. g3 Be7 5. Bg2 O-O 6. O-O c5 7. dxc5 Bxc5 8. Qc2
d4 9. Nbd2 Nc6 10. Nb3 Qb6 11. a3 a5 12. Bd2 Bd7 13. Rab1 a4 14. Nxc5 Qxc5 15.
b4 axb3 16. Rxb3 Ra4 17. Rxb7 Rxc4 18. Qb3 Ra8 19. Rb5 Rc3 20. Bxc3 Qxc3 21.
Ne5 Nxe5 22. Bxa8 Bxb5 23. Qxb5 Qxa3 24. Qxe5 Qxa8 25. Rb1 Nd7 26. Qxd4 1-0

[Event "Madrid ch Final 2019"]
[Site "Madrid ESP"]
[Date "2019.05.31"]
[Round "7.9"]
[White "Lorenzo Bailador, Alfredo"]
[Black "Robles Diaz, Jose Alberto"]
[Result "1/2-1/2"]
[WhiteElo "2003"]
[BlackElo "2044"]
[PlyCount "60"]
[EventDate "2019.05.25"]
[EventType "swiss"]
[EventRounds "7"]
[EventCountry "ESP"]
[SourceTitle "Ajedrez en Madrid"]
[Source "lmi"]
[SourceDate "2019.05.25"]
[SourceVersion "1"]
[SourceVersionDate "2019.06.03"]
[SourceQuality "1"]

1. d4 Nf6 2. Bf4 d5 3. e3 e6 4. Nf3 Bd6 5. Bxd6 cxd6 6. c4 dxc4 7. Bxc4 O-O 8.
Nc3 a6 9. a4 d5 10. Bd3 Nc6 11. O-O Qd6 12. Qb3 Bd7 13. Qa3 Qxa3 14. Rxa3 Rfc8
15. Rb1 Nb4 16. Ne5 Rc7 17. Rb3 a5 18. Bb5 Bxb5 19. Nxb5 Rc2 20. Rc3 Rc8 21. f3
b6 22. Kf1 h5 23. Rxc8+ Rxc8 24. Nc3 Kf8 25. Ke2 Ke7 26. Rc1 Ke8 27. Kd2 Nd7
28. Nd3 Nxd3 29. Kxd3 Nf6 30. Rb1 Nd7 1/2-1/2

[Event "Madrid ch Final 2019"]
[Site "Madrid ESP"]
[Date "2019.05.31"]
[Round "7.10"]
[White "Martinez Aragon, Aitor"]
[Black "Gonzalez Rivera, Eduardo"]
[Result "0-1"]
[WhiteElo "2038"]
[BlackElo "1998"]
[PlyCount "70"]
[EventDate "2019.05.25"]
[EventType "swiss"]
[EventRounds "7"]
[EventCountry "ESP"]
[SourceTitle "Ajedrez en Madrid"]
[Source "lmi"]
[SourceDate "2019.05.25"]
[SourceVersion "1"]
[SourceVersionDate "2019.06.03"]
[SourceQuality "1"]

1. e4 e5 2. Nf3 Nc6 3. Bc4 Nf6 4. d3 Bc5 5. c3 d6 6. Bb3 Bb6 7. O-O h6 8. Nbd2
g5 9. Nc4 O-O 10. h3 Ne7 11. Be3 Ng6 12. Re1 Kg7 13. d4 Qe7 14. dxe5 dxe5 15.
Bxb6 axb6 16. Ne3 Rd8 17. Qe2 Nf4 18. Qc2 Nh7 19. Rad1 Rxd1 20. Rxd1 h5 21. Nh2
Nf6 22. Nhf1 Ng8 23. Ng3 Nh6 24. Ngf5+ Nxf5 25. exf5 Qf6 26. Kh2 g4 27. Qe4 Kh7
28. hxg4 hxg4 29. g3 Qh6+ 30. Kg1 Qc6 31. Qxc6 Nh3+ 32. Kg2 bxc6 33. Nxg4 Ng5
34. Rd8 c5 35. Kf1 Ba6+ 0-1

[Event "Madrid ch Final 2019"]
[Site "Madrid ESP"]
[Date "2019.05.31"]
[Round "7.11"]
[White "Perez Diez, Victor"]
[Black "Bello Burguet, Glenier Lazaro"]
[Result "0-1"]
[WhiteElo "2018"]
[BlackElo "1961"]
[PlyCount "100"]
[EventDate "2019.05.25"]
[EventType "swiss"]
[EventRounds "7"]
[EventCountry "ESP"]
[SourceTitle "Ajedrez en Madrid"]
[Source "lmi"]
[SourceDate "2019.05.25"]
[SourceVersion "1"]
[SourceVersionDate "2019.06.03"]
[SourceQuality "1"]

1. e4 c6 2. Nc3 d5 3. Nf3 Nf6 4. e5 Ne4 5. Nxe4 dxe4 6. Ng5 Qd5 7. Qe2 Qxe5 8.
Nxe4 Bf5 9. d3 e6 10. g3 Bxe4 11. Qxe4 Bb4+ 12. Kd1 Qxe4 13. dxe4 Nd7 14. c3
Bc5 15. f3 O-O-O 16. Kc2 h5 17. Bf4 h4 18. gxh4 Be7 19. Be2 Rxh4 20. Bg3 Rh3
21. Rad1 Nf6 22. Rhg1 g6 23. b4 Ne8 24. a4 Bd6 25. f4 Be7 26. c4 Nf6 27. Bf3
Rhh8 28. Rxd8+ Bxd8 29. f5 gxf5 30. exf5 exf5 31. Be5 Rh3 32. Rf1 Nd7 33. Bg3
Bc7 34. Bg2 Rh5 35. Kc3 Bxg3 36. hxg3 Rg5 37. Kd4 Rxg3 38. Bf3 Rh3 39. Be2 Rh4+
40. Kc3 f4 41. Bd3 Ne5 42. Bf5+ Kc7 43. Kd4 f6 44. c5 f3+ 45. Kc3 Rc4+ 46. Kb3
Rf4 47. Be6 f2 48. Kc3 f5 49. Kd2 Ng4 50. Kc3 Ne3 0-1